Normal view
MARC view
- اعداد نيو فيجن للتدريب
Entry Personal Name
001 - CONTROL NUMBER
- control field: 19234
003 - CONTROL NUMBER IDENTIFIER
- control field: JO-AjAnu
005 - DATE AND TIME OF LATEST TRANSACTION
- control field: 20230606073350.0
008 - FIXED-LENGTH DATA ELEMENTS
- fixed length control field: 230606|| aca||aabn | a|a d
040 ## - CATALOGING SOURCE
- Original cataloging agency: JO-AjAnu
- Transcribing agency: JO-AjAnu
100 ## - HEADING--PERSONAL NAME
- Personal name: اعداد نيو فيجن للتدريب
670 ## - SOURCE DATA FOUND
- Source citation: Work cat.: (JO-AjAnu)9873: اعداد نيو فيجن للتدريب, author, اعداد خطط العمل ادارة المكاتب:برنامج التأهيل الوظيفي-ادارة المكاتب=Office Management